Т. 1; Основы конструирования и расчета технологического и природоохранного оборудования

Dades bibliogràfiques
Parent link:Основы конструирования и расчета технологического и природоохранного оборудования: справочник/ А. С. Тимонин; Московский государственный университет инженерной экологии. Т. 1.— , 2001
Idioma:rus
Publicat: 2001
Matèries:
Format: MixedMaterials Llibre
KOHA link:https://koha.lib.tpu.ru/cgi-bin/koha/opac-detail.pl?biblionumber=25364

MARC

LEADER 00000nam2a2200000 4500
001 25364
005 20231030200909.0
010 |a 589552043X 
035 |a (RuTPU)RU\TPU\book\25600 
035 |a BOOK00025675 
090 |a 25364 
100 |a 20011209d2001 km y0rusy50 ca 
101 0 |a rus 
102 |a RU 
105 |a a g 000zy 
200 0 |a Т. 1 
210 |d 2001 
215 |a 756 с. 
451 1 |0 (RuTPU)RU\TPU\book\68747  |y 5-89552-043-X  |t Т. 1  |d 2002  |p 851 с. 
461 1 |0 (RuTPU)RU\TPU\book\37582  |t Основы конструирования и расчета технологического и природоохранного оборудования  |o справочник  |f А. С. Тимонин  |g Московский государственный университет инженерной экологии  |v Т. 1  |d 2001 
610 1 |a машиноведение 
610 1 |a теория 
610 1 |a технологическое оборудование 
610 1 |a природоохранное оборудование 
610 1 |a конструирование 
610 1 |a расчет 
610 1 |a конструкционные материалы 
610 1 |a сортамент 
610 1 |a трубопроводная арматура 
610 1 |a насосы 
610 1 |a вентиляторы 
610 1 |a газодувки 
610 1 |a воздуходувки 
610 1 |a справочники 
675 |a 621.001.66(035)  |v 3 
801 0 |a RU  |b 63413507  |c 20011209  |g PSBO 
801 2 |a RU  |b 63413507  |c 20201204  |g PSBO 
900 |a Основы проектирования и оборудование предприятий биотехнологической промышленности 
900 |a Расчет и конструирование основного оборудования отрасли 
942 |c BK